[Event "Automne/Fall op"]
[Site "Montreal CAN"]
[Date "1981.11.08"]
[Round "3"]
[White "Bolduc, Steve"]
[Black "Wilkin, Alain"]
[Result "1-0"]
[WhiteElo "2024"]
[BlackElo "1877"]
[PlyCount "106"]
[GameId "2160767912849039"]
[EventDate "1981.11.07"]
[EventType "swiss"]
[EventRounds "4"]
[EventCountry "CAN"]
[SourceTitle "hb 2011"]

1. c4 g6 2. g3 Bg7 3. Bg2 c5 4. Nc3 Nc6 5. e3 d6 6. Nge2 e5 7. O-O Nge7 8. b3 O-O 9. Bb2 a6 10. Nd5 Rb8 11. d4 b5 12. cxb5 axb5 13. Nxe7+ Nxe7 14. dxc5 dxc5 15. Qc2 Qb6 16. Rfc1 Rd8 17. Nc3 Be6 18. Ne4 c4 19. bxc4 Bxc4 20. a4 Bd3 21. Qc5 Qxc5 22. Rxc5 bxa4 23. Bxe5 Rb4 24. Nf6+ Kh8 25. h3 Rc8 26. Rxc8+ Nxc8 27. Bc6 Nb6 28. Ng4 Bxe5 29. Nxe5 Bc4 30. Nxc4 Rxc4 31. Bf3 Rc3 32. Bd1 a3 33. Kf1 Nc4 34. Ke2 Na5 35. Kd2 Rc6 36. Kd3 Rd6+ 37. Kc3 Nb7 38. Be2 Nc5 39. f3 Re6 40. e4 f5 41. Rxa3 fxe4 42. Kd4 Nd7 43. fxe4 Rd6+ 44. Ke3 Rb6 45. Rc3 Rf6 46. Rc8+ Rf8 47. Rxf8+ Nxf8 48. Kd4 Kg7 49. Ke5 Nd7+ 50. Kd6 Nf6 51. e5 Ne4+ 52. Kd7 Kf8 53. g4 Nc5+ 1-0

[Event "Automne/Fall op"]
[Site "Montreal CAN"]
[Date "1981.11.08"]
[Round "4"]
[White "Robillard, Jean"]
[Black "Bolduc, Steve"]
[Result "1/2-1/2"]
[WhiteElo "2057"]
[BlackElo "2024"]
[PlyCount "118"]
[GameId "2160767912849040"]
[EventDate "1981.11.07"]
[EventType "swiss"]
[EventRounds "4"]
[EventCountry "CAN"]
[SourceTitle "hb 2011"]

1. e4 c6 2. d4 d5 3. Nc3 dxe4 4. Nxe4 Nf6 5. Nxf6+ exf6 6. Nf3 Bd6 7. Bd3 O-O 8. O-O Na6 9. c3 Nc7 10. Qc2 g6 11. Nd2 Nd5 12. Ne4 Bc7 13. Re1 f5 14. Ng5 Nf4 15. Bxf4 Bxf4 16. Nh3 Bd6 17. f4 Qh4 18. Qf2 Qxf2+ 19. Kxf2 Bd7 20. g3 Rfe8 21. Ng5 h6 22. Nf3 f6 23. Bc4+ Kf8 24. Rxe8+ Rxe8 25. Re1 Rxe1 26. Nxe1 Ke7 27. Ke3 b5 28. Bb3 Be6 29. Bxe6 Kxe6 30. Nf3 g5 31. Ng1 c5 32. Ne2 Kd5 33. dxc5 Bxc5+ 34. Kd3 a6 35. b3 Bd6 36. c4+ Kc5 37. Kc3 bxc4 38. bxc4 h5 39. h4 a5 40. Nd4 Bb8 41. hxg5 fxg5 42. Ne6+ Kc6 43. Nxg5 h4 44. gxh4 Bxf4 45. Nf3 Kc5 46. h5 Bh6 47. Nh4 f4 48. Kd3 a4 49. Nf5 Bg5 50. a3 f3 51. Ng3 Bc1 52. Ne4+ Kc6 53. Nc3 Bxa3 54. Nxa4 Bc1 55. Nc3 Kd6 56. Ne4+ Ke5 57. Nd2 f2 58. Nf1 Kf5 59. Ke2 Kg4 1/2-1/2

[Event "Releve"]
[Site "Montreal CAN"]
[Date "1981.10.24"]
[Round "1"]
[White "Bolduc, Steve"]
[Black "Dupuis, Stephane"]
[Result "0-1"]
[WhiteElo "2011"]
[BlackElo "2025"]
[PlyCount "80"]
[GameId "2160767912849061"]
[EventDate "1981.10.24"]
[EventType "tourn"]
[EventRounds "6"]
[EventCountry "CAN"]
[SourceTitle "hb 2011"]

1. c4 Nf6 2. Nc3 e6 3. d4 d5 4. Nf3 Be7 5. Bg5 Nbd7 6. e3 O-O 7. Rc1 c6 8. Bd3 dxc4 9. Bxc4 Nd5 10. Bxe7 Qxe7 11. O-O Nxc3 12. Rxc3 e5 13. dxe5 Nxe5 14. Nxe5 Qxe5 15. Qb3 Qe7 16. e4 a6 17. Rg3 b5 18. Qc3 g6 19. Bb3 c5 20. Bd5 Ra7 21. h4 Rc7 22. h5 Be6 23. hxg6 hxg6 24. Qe5 Bxd5 25. Qxd5 Kg7 26. Rd1 Qf6 27. Rf3 Qe7 28. Ra3 Rh8 29. Rxa6 Rh5 30. Qd8 Qe5 31. g3 Qxe4 32. Qf6+ Kh7 33. f3 Qe2 34. Rd8 Qe1+ 35. Kg2 Qe2+ 36. Kg1 Qe1+ 37. Kg2 Qh1+ 38. Kf2 Rh2+ 39. Ke3 Qc1+ 40. Ke4 Re2+ 0-1

[Event "Releve"]
[Site "Montreal CAN"]
[Date "1981.10.31"]
[Round "2"]
[White "Alain, Benoit"]
[Black "Bolduc, Steve"]
[Result "0-1"]
[WhiteElo "1879"]
[BlackElo "2011"]
[PlyCount "28"]
[GameId "2160767912849062"]
[EventDate "1981.10.24"]
[EventType "tourn"]
[EventRounds "6"]
[EventCountry "CAN"]
[SourceTitle "hb 2011"]

1. e4 e5 2. Nf3 Nc6 3. c3 d5 4. Qa4 f6 5. Bb5 Nge7 6. exd5 Qxd5 7. d4 e4 8. c4 Qd7 9. Ne5 fxe5 10. d5 a6 11. Bg5 axb5 12. Qxa8 Nb4 13. Na3 Nd3+ 14. Ke2 Qg4+ 0-1

[Event "Releve"]
[Site "Montreal CAN"]
[Date "1981.11.14"]
[Round "3"]
[White "Lake, Perry"]
[Black "Bolduc, Steve"]
[Result "1-0"]
[WhiteElo "2121"]
[BlackElo "2011"]
[PlyCount "92"]
[GameId "2160767912849063"]
[EventDate "1981.10.24"]
[EventType "tourn"]
[EventRounds "6"]
[EventCountry "CAN"]
[SourceTitle "hb 2011"]

1. g3 g6 2. Bg2 Bg7 3. d4 e5 4. c4 Ne7 5. Nc3 c6 6. e4 O-O 7. Nge2 d6 8. O-O a5 9. Be3 Be6 10. Rc1 Nd7 11. b3 Nf6 12. h3 Nh5 13. g4 f5 14. gxh5 f4 15. Ng3 Nc8 16. hxg6 hxg6 17. Bd2 Qh4 18. Nh1 Bxh3 19. Bxh3 Qxh3 20. f3 Kf7 21. Qe2 Rh8 22. Qg2 Ne7 23. Nf2 Qh5 24. Ng4 Rh7 25. Kf2 Rah8 26. Na4 Nf5 27. Rg1 Nxd4 28. Bc3 Nf5 29. exf5 gxf5 30. Nxe5+ dxe5 31. Qg5 Qxg5 32. Rxg5 Bf6 33. Rg2 Rh2 34. Rcg1 Rxg2+ 35. Rxg2 Rh1 36. Ke2 b5 37. cxb5 cxb5 38. Nc5 b4 39. Be1 Rh8 40. Nd7 Bg7 41. Nb6 Rh3 42. Nc4 e4 43. fxe4 Bc3 44. Bxc3 bxc3 45. exf5 c2 46. Kd2 Kf6 1-0

[Event "Releve"]
[Site "Montreal CAN"]
[Date "1981.11.28"]
[Round "4"]
[White "Bolduc, Steve"]
[Black "Singher, Jean-Pierre"]
[Result "1-0"]
[WhiteElo "2011"]
[BlackElo "1749"]
[PlyCount "61"]
[GameId "2160767912849064"]
[EventDate "1981.10.24"]
[EventType "tourn"]
[EventRounds "6"]
[EventCountry "CAN"]
[SourceTitle "hb 2011"]

1. d4 Nf6 2. Nf3 b6 3. c4 e6 4. e3 Bb7 5. Bd3 Ne4 6. Nc3 Bb4 7. O-O f5 8. Qc2 Bxc3 9. bxc3 O-O 10. Nd2 Qh4 11. f4 Nxd2 12. Bxd2 d6 13. e4 Nd7 14. exf5 Rae8 15. Be1 Qh5 16. fxe6 Rxe6 17. d5 Re7 18. Bg3 Nc5 19. Rae1 Rfe8 20. Rxe7 Rxe7 21. Re1 Rxe1+ 22. Bxe1 b5 23. Be2 Qf7 24. cxb5 Qxd5 25. Bf3 Qe6 26. Bf2 Bxf3 27. gxf3 Qc4 28. Qf5 Nd3 29. Qc8+ Kf7 30. Qd7+ Kg6 31. Bd4 1-0

[Event "Releve"]
[Site "Montreal CAN"]
[Date "1981.12.05"]
[Round "5"]
[White "Singher, Jean-Pierre"]
[Black "Bolduc, Steve"]
[Result "0-1"]
[WhiteElo "1749"]
[BlackElo "2011"]
[PlyCount "82"]
[GameId "2160767912849065"]
[EventDate "1981.10.24"]
[EventType "tourn"]
[EventRounds "6"]
[EventCountry "CAN"]
[SourceTitle "hb 2011"]

1. d4 d5 2. c4 dxc4 3. Nf3 Nf6 4. Qa4+ Nbd7 5. Nc3 e6 6. e4 c5 7. e5 Nd5 8. dxc5 Bxc5 9. Bxc4 N5b6 10. Qb3 Nxc4 11. Qxc4 a6 12. O-O O-O 13. Bg5 Qc7 14. Qe2 b5 15. Rac1 Bb7 16. b4 Bxb4 17. Nd5 Qxc1 18. Rxc1 Bxd5 19. Qb2 Ba5 20. Be7 Rfc8 21. h3 Nb6 22. Ng5 h6 23. Nf3 Rxc1+ 24. Qxc1 Rc8 25. Qf4 Bxa2 26. Ng5 hxg5 27. Qxg5 Nd5 28. Bf6 Nxf6 29. exf6 Kf8 30. Qxg7+ Ke8 31. Qg8+ Kd7 32. Qxf7+ Kc6 33. h4 Rd8 34. h5 Bc7 35. g3 Rd1+ 36. Kh2 Bd5 37. Kh3 Kb7 38. Qxc7+ Kxc7 39. f7 Bf3 40. Kh4 Rh1+ 41. Kg5 Rxh5+ 0-1

[Event "Releve"]
[Site "Montreal CAN"]
[Date "1981.12.12"]
[Round "6"]
[White "Bolduc, Steve"]
[Black "Lake, Perry"]
[Result "1-0"]
[WhiteElo "2011"]
[BlackElo "2121"]
[PlyCount "111"]
[GameId "2160767912849066"]
[EventDate "1981.10.24"]
[EventType "tourn"]
[EventRounds "6"]
[EventCountry "CAN"]
[SourceTitle "hb 2011"]

1. d4 Nf6 2. c4 e6 3. Nc3 d5 4. cxd5 exd5 5. Bf4 c6 6. e3 Be7 7. Bd3 O-O 8. Nge2 Re8 9. Ng3 Bd6 10. Bxd6 Qxd6 11. O-O b6 12. Rc1 Bb7 13. Nf5 Qd8 14. Qf3 g6 15. Qg3 Re6 16. Ne2 Nh5 17. Qh3 Ba6 18. Bxa6 Nxa6 19. Nh6+ Kg7 20. g4 Kxh6 21. gxh5 Kg7 22. Nf4 Rd6 23. Kh1 Qe7 24. Rg1 Nc7 25. Rg4 Ne6 26. Rcg1 Nxf4 27. Rxf4 Qe6 28. Qh4 c5 29. Rg3 Rad8 30. Rh3 Kf8 31. hxg6 hxg6 32. Rhf3 f5 33. Rh3 Ke8 34. dxc5 bxc5 35. Ra4 a6 36. Qh7 d4 37. Qc7 Qe4+ 38. f3 Qb1+ 39. Kg2 Qc2+ 40. Kg3 R8d7 41. Rh8+ Ke7 42. Rh7+ Ke8 43. Rxd7 Rxd7 44. Qe5+ Re7 45. Qh8+ Kd7 46. Rxa6 f4+ 47. exf4 Qe2 48. Ra7+ Kc6 49. Qf6+ Re6 50. Qxe6+ Qxe6 51. Ra6+ Kd5 52. Rxe6 Kxe6 53. a4 c4 54. Kf2 c3 55. bxc3 dxc3 56. Ke2 1-0

[Event "Montreal op"]
[Site "Montreal CAN"]
[Date "1981.09.05"]
[Round "2"]
[White "Bolduc, Steve"]
[Black "Leveille, Francois"]
[Result "1-0"]
[WhiteElo "1850"]
[BlackElo "2057"]
[PlyCount "53"]
[GameId "2160767912849164"]
[EventDate "1981.09.05"]
[EventType "swiss"]
[EventRounds "6"]
[EventCountry "CAN"]
[SourceTitle "hb 2011"]

1. f4 g6 2. Nf3 Bg7 3. g3 c5 4. Bg2 Nc6 5. O-O d6 6. e4 Nh6 7. c3 f5 8. d3 O-O 9. Nbd2 Kh8 10. a4 a6 11. Nc4 Be6 12. Ne3 Bd7 13. Re1 b5 14. exf5 gxf5 15. Ng5 b4 16. Bxc6 Bxc6 17. Ne6 Qd7 18. Nxg7 Kxg7 19. cxb4 Rab8 20. b3 Rxb4 21. Bb2+ Kg6 22. Bc3 Rbb8 23. Rb1 Ba8 24. d4 cxd4 25. Qxd4 Rf7 26. Nd5 Qc6 27. Nxe7+ 1-0

[Event "Montreal op"]
[Site "Montreal CAN"]
[Date "1981.09.06"]
[Round "3"]
[White "Rousseau, Jean Francois1"]
[Black "Bolduc, Steve"]
[Result "1-0"]
[WhiteElo "2248"]
[BlackElo "1850"]
[PlyCount "27"]
[GameId "2160767912849172"]
[EventDate "1981.09.05"]
[EventType "swiss"]
[EventRounds "6"]
[EventCountry "CAN"]
[SourceTitle "EXT 2022"]
[Source "ChessBase"]
[SourceDate "2021.10.06"]
[SourceVersion "1"]
[SourceVersionDate "2021.10.06"]
[SourceQuality "1"]

1. e4 c6 2. d4 g6 3. Nc3 Bg7 4. Nf3 d5 5. h3 Nf6 6. e5 Ne4 7. Nxe4 dxe4 8. Ng5 f5 9. Bc4 b5 10. Bb3 c5 11. Nf7 Qd7 12. e6 Qxd4 13. Qxd4 Bxd4 14. Bd5 1-0

[Event "Montreal op"]
[Site "Montreal CAN"]
[Date "1981.09.06"]
[Round "4"]
[White "Bolduc, Steve"]
[Black "Bray, Ronald"]
[Result "1-0"]
[WhiteElo "1850"]
[BlackElo "1958"]
[PlyCount "82"]
[GameId "2160767912849174"]
[EventDate "1981.09.05"]
[EventType "swiss"]
[EventRounds "6"]
[EventCountry "CAN"]
[SourceTitle "EXT 2022"]
[Source "ChessBase"]
[SourceDate "2021.10.06"]
[SourceVersion "1"]
[SourceVersionDate "2021.10.06"]
[SourceQuality "1"]

1. d4 d5 2. c4 e6 3. Nf3 Bb4+ 4. Bd2 a5 5. e3 Nf6 6. Bd3 O-O 7. O-O dxc4 8. Bxc4 Nc6 9. Nc3 Qe7 10. a3 Bxc3 11. Bxc3 e5 12. Nxe5 Nxe5 13. dxe5 Ng4 14. Qd4 Nh6 15. Rad1 Bf5 16. e6 fxe6 17. Qd7 Rf7 18. Qb5 c6 19. Qb6 Qg5 20. f3 Bh3 21. Rd2 Raf8 22. Kh1 Qh4 23. Qd4 Qxd4 24. Bxd4 b5 25. Ba2 Bf5 26. e4 Bxe4 27. Bxe6 Bd5 28. Bxf7+ Kxf7 29. Re1 Nf5 30. Bc5 Rd8 31. Kg1 h5 32. Kf2 a4 33. g4 Nh4 34. Kg3 g5 35. gxh5 Rh8 36. Re7+ Kf6 37. Bd4+ Kxe7 38. Bxh8 Bxf3 39. h6 Kf7 40. Rd4 Nf5+ 41. Kxf3 Nxd4+ 1-0

[Event "Montreal op"]
[Site "Montreal CAN"]
[Date "1981.09.07"]
[Round "5"]
[White "Bolduc, Steve"]
[Black "Picard, Claude"]
[Result "1-0"]
[WhiteElo "1850"]
[BlackElo "1943"]
[PlyCount "75"]
[GameId "2160767912849178"]
[EventDate "1981.09.05"]
[EventType "swiss"]
[EventRounds "6"]
[EventCountry "CAN"]
[SourceTitle "hb 2011"]

1. e4 d5 2. exd5 Nf6 3. Nf3 Nxd5 4. d4 g6 5. Be2 Bg7 6. O-O O-O 7. c4 Nb6 8. Nc3 c6 9. h3 a5 10. Be3 Be6 11. b3 Na6 12. Qc1 f6 13. Rd1 Bf7 14. Ne4 a4 15. Qc3 Qc7 16. b4 Nd7 17. Rab1 Rac8 18. Nc5 Naxc5 19. bxc5 Ra8 20. Qb4 Rfb8 21. d5 Ra6 22. Nd4 cxd5 23. Nb5 Qe5 24. cxd5 Rc8 25. Bf3 f5 26. d6 exd6 27. Nxd6 Rxd6 28. Rxd6 Nxc5 29. Bxc5 Qxc5 30. Rd8+ Bf8 31. Qxc5 Rxc5 32. Rxb7 Bxa2 33. Rbb8 Ra5 34. Rxf8+ Kg7 35. Ra8 Rc5 36. Rfc8 Rxc8 37. Rxc8 Bb3 38. Ra8 1-0

[Event "Montreal op"]
[Site "Montreal CAN"]
[Date "1981.09.07"]
[Round "6"]
[White "Williams, Leo"]
[Black "Bolduc, Steve"]
[Result "0-1"]
[WhiteElo "2241"]
[BlackElo "1850"]
[PlyCount "73"]
[GameId "2160767912849186"]
[EventDate "1981.09.05"]
[EventType "swiss"]
[EventRounds "6"]
[EventCountry "CAN"]
[SourceTitle "hb 2011"]

1. e4 c6 2. c4 g6 3. Nc3 Bg7 4. d4 d6 5. Nf3 Nd7 6. Be2 e5 7. O-O Ngf6 8. Be3 O-O 9. Qc2 a5 10. Rad1 Qe7 11. Rfe1 Re8 12. d5 Nc5 13. Nd2 Ng4 14. Bxc5 dxc5 15. dxc6 bxc6 16. Na4 Qa7 17. Nb3 Bf8 18. Rd3 Nf6 19. Bf1 Nh5 20. g3 Ng7 21. Qc3 Ba6 22. Red1 Ne6 23. Rd7 Qb8 24. Qf3 Re7 25. Naxc5 Nxc5 26. Nxc5 Bc8 27. Rd8 Qb6 28. Qf6 Rea7 29. R1d6 Bh3 30. Bxh3 Rxd8 31. Rxd8 Qxc5 32. Rc8 Rb7 33. Rxc6 Qe7 34. Qxe7 Bxe7 35. b3 a4 36. Bc8 Rb4 37. Rc7 0-1

[Event "Echephile 3"]
[Site "Montreal CAN"]
[Date "1981.08.22"]
[Round "1"]
[White "Mireault, Marcel"]
[Black "Bolduc, Steve"]
[Result "1-0"]
[WhiteElo "1681"]
[BlackElo "1825"]
[PlyCount "101"]
[GameId "2160767912849189"]
[EventDate "1981.08.22"]
[EventType "swiss"]
[EventRounds "4"]
[EventCountry "CAN"]
[SourceTitle "hb 2011"]

1. e4 g6 2. d4 Bg7 3. Nc3 c6 4. Nf3 d5 5. h3 h5 6. Be3 Nh6 7. Bd3 dxe4 8. Nxe4 Nf5 9. Bc4 Nxe3 10. fxe3 Nd7 11. Nfg5 O-O 12. O-O Nf6 13. Nxf7 Rxf7 14. Ng5 e6 15. Nxe6 Bxe6 16. Bxe6 Qe7 17. Bxf7+ Kxf7 18. Qd3 Re8 19. Rae1 Qe4 20. Qb3+ Qd5 21. Qxb7+ Re7 22. Qb3 Ke8 23. Qb8+ Kf7 24. a4 g5 25. Qc8 Kg6 26. Qa6 Qe4 27. Qc4 Kh6 28. Rf3 Nd7 29. Rf7 Bxd4 30. Rxe7 Qxe7 31. Qxd4 Ne5 32. Rd1 Ng6 33. e4 g4 34. Qe3+ Kh7 35. Re1 gxh3 36. Qxh3 Qc5+ 37. Qe3 Qxc2 38. Qxa7+ Kh6 39. Qe3+ Kh7 40. e5 Qxb2 41. e6 Ne7 42. Qe4+ Kh6 43. Qf4+ Kh7 44. Qf7+ Qg7 45. Qxg7+ Kxg7 46. a5 Kf8 47. a6 Nc8 48. Re5 Ke7 49. Rxh5 Kxe6 50. Rh8 Kd7 51. a7 1-0

[Event "Echephile 3"]
[Site "Montreal CAN"]
[Date "1981.08.22"]
[Round "2"]
[White "Bolduc, Steve"]
[Black "Desautels, Mario"]
[Result "1-0"]
[WhiteElo "1825"]
[BlackElo "1770"]
[PlyCount "63"]
[GameId "2160767912849190"]
[EventDate "1981.08.22"]
[EventType "swiss"]
[EventRounds "4"]
[EventCountry "CAN"]
[SourceTitle "hb 2011"]

1. e4 e5 2. Nf3 Nc6 3. d4 exd4 4. Nxd4 Bc5 5. Nb3 Bb4+ 6. Bd2 Bxd2+ 7. Qxd2 Nf6 8. Nc3 O-O 9. O-O-O d6 10. f3 Be6 11. Nd4 Qe7 12. Nd5 Bxd5 13. Nf5 Qe6 14. Qg5 Ne8 15. exd5 Nb4 16. a3 Na6 17. Bxa6 bxa6 18. Rhe1 Qf6 19. Qxf6 Nxf6 20. Ne7+ Kh8 21. Rd4 Nd7 22. Rc4 c5 23. dxc6 Nb6 24. Rd4 Rad8 25. Nd5 Nc8 26. Rde4 Kg8 27. c7 Rd7 28. Re8 f6 29. Ne7+ Rxe7 30. R8xe7 Nxe7 31. Rxe7 Rc8 32. Rd7 1-0

[Event "Echephile 3"]
[Site "Montreal CAN"]
[Date "1981.08.23"]
[Round "3"]
[White "Finta, Robert"]
[Black "Bolduc, Steve"]
[Result "1/2-1/2"]
[WhiteElo "2084"]
[BlackElo "1825"]
[PlyCount "78"]
[GameId "2160767912849191"]
[EventDate "1981.08.22"]
[EventType "swiss"]
[EventRounds "4"]
[EventCountry "CAN"]
[SourceTitle "hb 2011"]

1. d4 Nf6 2. g3 g6 3. Bg2 Bg7 4. c4 O-O 5. Nf3 d6 6. Nc3 Nbd7 7. O-O e5 8. e4 a5 9. b3 Re8 10. Bb2 exd4 11. Nxd4 Nc5 12. Re1 Bd7 13. a3 Ng4 14. Nd5 Ne5 15. Re3 a4 16. h3 axb3 17. Qe2 Na4 18. Rxb3 Nxb2 19. Rxb2 Nc6 20. Nb5 Nd4 21. Nxd4 Bxd4 22. Rd1 Bxb2 23. Qxb2 Re5 24. f4 Rxd5 25. cxd5 Qb8 26. Kh2 c5 27. e5 b5 28. e6 Be8 29. f5 b4 30. axb4 Qxb4 31. Qf6 Qb6 32. Rf1 Qd8 33. e7 Qb8 34. fxg6 hxg6 35. Rf4 Ra4 36. Be4 Ra2+ 37. Rf2 Rxf2+ 38. Qxf2 Qb4 39. Qf4 f5 1/2-1/2

[Event "Echephile 3"]
[Site "Montreal CAN"]
[Date "1981.08.23"]
[Round "4"]
[White "Bolduc, Steve"]
[Black "Richard, Daniel"]
[Result "1-0"]
[WhiteElo "1825"]
[BlackElo "1733"]
[PlyCount "75"]
[GameId "2160767912849192"]
[EventDate "1981.08.22"]
[EventType "swiss"]
[EventRounds "4"]
[EventCountry "CAN"]
[SourceTitle "hb 2011"]

1. e4 Nf6 2. e5 Nd5 3. Nc3 Nxc3 4. dxc3 d6 5. Nf3 g6 6. Bf4 Bg7 7. Bc4 O-O 8. Qe2 Bg4 9. O-O-O Qc8 10. Bb3 dxe5 11. Bxe5 Bh6+ 12. Kb1 Nc6 13. Bg3 e5 14. h3 Be6 15. Nxe5 Bxb3 16. Nxc6 Bxa2+ 17. Kxa2 bxc6 18. Qc4 Qf5 19. Kb1 Rab8 20. Bxc7 Rb7 21. g4 Qb5 22. Qxb5 cxb5 23. Bd6 Rd8 24. Bb4 Ra8 25. Rhe1 a5 26. Be7 Bf8 27. Bf6 b4 28. cxb4 axb4 29. Re3 Rba7 30. c4 Bc5 31. Red3 Ra1+ 32. Kc2 Rxd1 33. Rxd1 Bxf2 34. Kb3 Bc5 35. Rd5 Bf8 36. c5 Rb8 37. Be5 Rb5 38. Kc4 1-0

[Event "Quebec op"]
[Site "Montreal CAN"]
[Date "1981.08.02"]
[Round "1"]
[White "Bolduc, Steve"]
[Black "Michaud, Jacques"]
[Result "1-0"]
[WhiteElo "1941"]
[BlackElo "1577"]
[PlyCount "63"]
[GameId "2160767912849198"]
[EventDate "1981.08.02"]
[EventType "swiss"]
[EventRounds "8"]
[EventCountry "CAN"]
[SourceTitle "hb 2011"]

1. e4 c5 2. Nf3 d6 3. d4 cxd4 4. Nxd4 Nf6 5. Nc3 a6 6. Bg5 e6 7. Qd2 Be7 8. O-O-O O-O 9. f4 Qc7 10. Be2 b5 11. Bf3 Bb7 12. a3 Nbd7 13. Rhe1 Rfc8 14. Kb1 Nb6 15. e5 Nc4 16. Qd3 dxe5 17. fxe5 Bxf3 18. Nxf3 Rd8 19. Qe2 Ne8 20. Bxe7 Qxe7 21. Qe4 Qc7 22. Ng5 g6 23. Rf1 Qxe5 24. Qxe5 Nxe5 25. Rde1 Nc4 26. Nxf7 Nd2+ 27. Kc1 Nxf1 28. Nxd8 Rxd8 29. Rxf1 Kg7 30. Ne4 Nc7 31. Ng5 Kh6 32. Nf7+ 1-0

[Event "Quebec op"]
[Site "Montreal CAN"]
[Date "1981.08.03"]
[Round "2"]
[White "Rousseau, Jean Francois1"]
[Black "Bolduc, Steve"]
[Result "1-0"]
[WhiteElo "2217"]
[BlackElo "1941"]
[PlyCount "43"]
[GameId "2160767912849203"]
[EventDate "1981.08.02"]
[EventType "swiss"]
[EventRounds "8"]
[EventCountry "CAN"]
[SourceTitle "EXT 2022"]
[Source "ChessBase"]
[SourceDate "2021.10.06"]
[SourceVersion "1"]
[SourceVersionDate "2021.10.06"]
[SourceQuality "1"]

1. e4 e5 2. Nf3 d6 3. d4 Nf6 4. Nc3 Nbd7 5. Bc4 Be7 6. O-O O-O 7. Qe2 c6 8. a4 a5 9. Rd1 Qe8 10. h3 Bd8 11. Be3 Qe7 12. Rd2 Bc7 13. Bb3 exd4 14. Bxd4 Nc5 15. Bxc5 dxc5 16. e5 Nh5 17. Qe3 g6 18. Qh6 Kh8 19. g4 Rg8 20. Kh1 g5 21. Qxh5 Rg6 22. Ne4 1-0

[Event "Quebec op"]
[Site "Montreal CAN"]
[Date "1981.08.04"]
[Round "3"]
[White "Bolduc, Steve"]
[Black "Parent, Francois"]
[Result "1-0"]
[WhiteElo "1941"]
[BlackElo "1672"]
[PlyCount "67"]
[GameId "2160767912849207"]
[EventDate "1981.08.02"]
[EventType "swiss"]
[EventRounds "8"]
[EventCountry "CAN"]
[SourceTitle "hb 2011"]

1. e4 c5 2. Nf3 d6 3. d4 cxd4 4. Nxd4 Nf6 5. Nc3 a6 6. Bg5 e6 7. f4 Be7 8. Qf3 Qc7 9. O-O-O Nbd7 10. g4 b5 11. Bxf6 gxf6 12. a3 Bb7 13. Rg1 Qb6 14. Be2 Rb8 15. f5 b4 16. fxe6 Ne5 17. exf7+ Kxf7 18. Qf5 bxc3 19. b4 d5 20. exd5 Bxd5 21. Qh5+ Kf8 22. Nb5 axb5 23. Rg3 Bf7 24. Qh6+ Ke8 25. Rxc3 Qf2 26. Bxb5+ Rxb5 27. Rc8+ Bd8 28. Rcxd8+ Ke7 29. Rxh8 Ng6 30. Rhd8 Rb7 31. R8d2 Qa7 32. Re1+ Ne5 33. Rxe5+ fxe5 34. Qd6+ 1-0

[Event "Quebec op"]
[Site "Montreal CAN"]
[Date "1981.08.05"]
[Round "4"]
[White "Bolduc, Steve"]
[Black "Breton, Nikolai"]
[Result "1-0"]
[WhiteElo "1941"]
[BlackElo "2107"]
[PlyCount "121"]
[GameId "2160767912849211"]
[EventDate "1981.08.02"]
[EventType "swiss"]
[EventRounds "8"]
[EventCountry "CAN"]
[SourceTitle "hb 2011"]

1. e4 d6 2. Nf3 g6 3. d4 Bg7 4. Nc3 Nf6 5. Be2 c6 6. O-O O-O 7. a4 a5 8. h3 Na6 9. Be3 h6 10. Qd2 Kh7 11. Nh2 Ng8 12. f4 e6 13. Rfd1 f5 14. d5 exd5 15. exd5 c5 16. Nb5 Nc7 17. c3 Nf6 18. Nxc7 Qxc7 19. Bf3 Bd7 20. Qc2 Rfe8 21. Re1 Re7 22. Bf2 Rae8 23. Rxe7 Rxe7 24. Re1 Rxe1+ 25. Bxe1 Qd8 26. Bf2 Qe8 27. Qb3 Bxa4 28. Qxb7 Qb5 29. Qxb5 Bxb5 30. Nf1 Bd3 31. Ne3 Kg8 32. c4 Nd7 33. b3 Bd4 34. Bd1 Nf6 35. Bc2 Bxe3 36. Bxd3 Bxf2+ 37. Kxf2 Kf7 38. Kf3 Nd7 39. g4 Kf6 40. h4 Nb6 41. Bc2 a4 42. bxa4 Nxc4 43. g5+ hxg5 44. fxg5+ Ke5 45. h5 gxh5 46. g6 Kf6 47. Bxf5 Nb6 48. a5 Nxd5 49. a6 Nc7 50. a7 d5 51. Kg3 c4 52. Kh4 d4 53. Be4 d3 54. Kxh5 d2 55. Bc2 Kg7 56. Kg5 c3 57. Kf5 Kf8 58. Kf6 Nd5+ 59. Ke6 Nb6 60. Kf6 Nd7+ 61. Kg5 1-0

[Event "Quebec op"]
[Site "Montreal CAN"]
[Date "1981.08.07"]
[Round "6"]
[White "Bolduc, Steve"]
[Black "Lafontaine, Bruno"]
[Result "1-0"]
[WhiteElo "1941"]
[BlackElo "1624"]
[PlyCount "67"]
[GameId "2160767912849219"]
[EventDate "1981.08.02"]
[EventType "swiss"]
[EventRounds "8"]
[EventCountry "CAN"]
[SourceTitle "hb 2011"]

1. e4 d5 2. exd5 Nf6 3. d4 Nxd5 4. Nf3 g6 5. c4 Nf6 6. Nc3 Bg7 7. Be2 O-O 8. O-O c6 9. Bf4 Nh5 10. Be3 Nd7 11. Re1 Re8 12. Qb3 Nb6 13. Rad1 Qc7 14. d5 Bg4 15. h3 Bxf3 16. Bxf3 Nf6 17. Bd4 Nfd7 18. Bxg7 Kxg7 19. Ne4 Kg8 20. Be2 Rad8 21. d6 exd6 22. Nxd6 Re6 23. Qg3 Nc5 24. Nxf7 Rxd1 25. Nh6+ Kh8 26. Qxc7 Rxe1+ 27. Bf1 Nxc4 28. Qd8+ Kg7 29. Qg8+ Kxh6 30. Qf8+ Kh5 31. g4+ Kg5 32. Qxc5+ Ne5 33. Kg2 Kf6 34. Qf8+ 1-0

[Event "Quebec op"]
[Site "Montreal CAN"]
[Date "1981.08.09"]
[Round "8"]
[White "Fletcher, Andy"]
[Black "Bolduc, Steve"]
[Result "1/2-1/2"]
[WhiteElo "1826"]
[BlackElo "1941"]
[PlyCount "99"]
[GameId "2160767912849233"]
[EventDate "1981.08.02"]
[EventType "swiss"]
[EventRounds "8"]
[EventCountry "CAN"]
[SourceTitle "hb 2011"]

1. e4 e5 2. f4 exf4 3. Nf3 d5 4. exd5 Nf6 5. Bb5+ c6 6. dxc6 bxc6 7. Ba4 Ba6 8. d3 Bd6 9. Qe2+ Kd7 10. O-O Re8 11. Qf2 Ng4 12. Qd4 Qb6 13. Qxb6 axb6 14. Nc3 Kc7 15. Bd2 f6 16. Rae1 Nd7 17. Rxe8 Rxe8 18. Ne4 Rxe4 19. dxe4 Bxf1 20. Kxf1 Nc5 21. Bb3 Nxe4 22. Be1 Ne3+ 23. Kg1 g5 24. c3 c5 25. Bg8 h6 26. Nd2 Nxd2 27. Bxd2 b5 28. Be6 Kc6 29. Bxe3 fxe3 30. g3 h5 31. Kf1 h4 32. gxh4 gxh4 33. h3 b4 34. cxb4 cxb4 35. Ke2 Bf4 36. a3 bxa3 37. bxa3 Kd6 38. Bb3 Ke5 39. Kd3 Bh6 40. Bc4 Kf4 41. Ke2 Bf8 42. a4 Bc5 43. Be6 Ba7 44. Bd7 Ke4 45. Bc6+ Kd4 46. Bd7 Ke5 47. Kf3 f5 48. Bc8 e2 49. Kxe2 Kf4 50. Bd7 1/2-1/2

[Event "Le Backgammon"]
[Site "Montreal CAN"]
[Date "1981.07.26"]
[Round "1"]
[White "Crete, Michel"]
[Black "Bolduc, Steve"]
[Result "0-1"]
[WhiteElo "1526"]
[BlackElo "1810"]
[PlyCount "60"]
[GameId "2160767912849313"]
[EventDate "1981.07.26"]
[EventType "swiss"]
[EventRounds "5"]
[EventCountry "CAN"]
[SourceTitle "hb 2011"]

1. Nf3 Nf6 2. b3 c5 3. Bb2 g6 4. e3 Bg7 5. Be2 O-O 6. O-O d6 7. d4 Nbd7 8. Nbd2 cxd4 9. exd4 b6 10. c4 Bb7 11. Re1 Nh5 12. Bf1 Nf4 13. g3 Ne6 14. Bh3 Nc7 15. Qe2 e6 16. Rad1 Nf6 17. Nb1 b5 18. Nfd2 Ba6 19. Qf3 Rb8 20. d5 bxc4 21. dxe6 fxe6 22. Qe3 e5 23. Qxa7 Rb7 24. Qe3 Ncd5 25. Be6+ Kh8 26. Bxd5 Nxd5 27. Qe4 Nf6 28. Qe3 Ng4 29. Qe2 Nxf2 30. Rc1 Nd3 0-1